LAW RELATING TO ACKNOWLEDGMENT OF LIABILITY (Record no. 10382)

MARC details
000 -LEADER
fixed length control field 00335nam a22001457a 4500
003 - CONTROL NUMBER IDENTIFIER
control field SGT
082 ## - DEWEY DECIMAL CLASSIFICATION NUMBER
Classification number 342,SWA
100 ## - MAIN ENTRY--PERSONAL NAME
Personal name SWAMY, MAHESHWARA N.
245 ## - TITLE STATEMENT
Title LAW RELATING TO ACKNOWLEDGMENT OF LIABILITY
260 ## - PUBLICATION, DISTRIBUTION, ETC. (IMPRINT)
Place of publication, distribution, etc HYDERABAD
Name of publisher, distributor, etc ASIA LAW HOUSE
Year of Publication 2004
300 ## - PAGE DESCRIPTION
No. of Pages 251
490 ## - SERIES STATEMENT
Series statement LAW RELATING
650 ## - SUBJECT ADDED ENTRY--TOPICAL TERM
Topical term or geographic name as entry element CONS
942 ## - ADDED ENTRY ELEMENTS (KOHA)
Source of classification or shelving scheme Dewey Decimal Classification
Koha item type Books
Holdings
Withdrawn status Lost status Source of classification or shelving scheme Damaged status Not for loan Collection code Home library Current library Shelving location Date acquired Vendor Name Cost, normal purchase price SGTU Bill Number Total Checkouts Full call number Accession No. (Barcode) Date last seen Bill Date Koha item type
    Dewey Decimal Classification     LAW SGT Science & Social Sciences Library SGT Science & Social Sciences Library Text Book 09/01/2017 JUPITER LAW BOOK COMPANY 195.00 SGTU 1372   342,SWA FL801 09/01/2017 09/01/2017 Books